[Event "Vladimir op"]
[Site "Vladimir"]
[Date "2002.08.23"]
[Round "8"]
[White "Atalik, Suat"]
[Black "Zakharevich, Igor"]
[Result "0-1"]
[WhiteElo "2551"]
[BlackElo "2466"]
[Annotator "Atalik,S"]
[PlyCount "48"]
[EventDate "2001.08.16"]
[EventType "swiss"]
[EventRounds "9"]
[EventCountry "RUS"]
[SourceTitle "CBM 091"]
[Source "ChessBase"]
[SourceDate "2002.11.12"]
[SourceVersion "1"]
[SourceVersionDate "2002.11.12"]
[SourceQuality "1"]

1. d4 Nf6 2. c4 e6 3. Nf3 d5 4. Nc3 dxc4 5. e4 Bb4 6. Bg5 c5 7. e5 cxd4 {
The old main line.} 8. Qa4+ Nc6 9. O-O-O Bd7 10. Ne4 Be7 11. exf6 gxf6 12. Bh4
e5 $5 $146 {An interesting novelty a la Morozevich.} ({Igor was afraid of} 
12... Rc8 13. Bxf6 $6 (13. Kb1 Na5 (13... e5 14. Bxc4 a6 15. Bd3 O-O (15... Na5
16. Qa3 $1) 16. Qc2 $1 Nb4 17. Qd2 Nxd3 18. Qxd3 Bb5 19. Qd2 f5 20. Bxe7 Qxe7
21. Ng3 f4 22. Nf5 Qf6 23. N3h4 Bd7 24. Qd3 Rfe8 25. Rhe1 $16) 14. Qc2 e5 15.
Nxd4 exd4 16. Rxd4 Qb6 17. Nxf6+ Bxf6 18. Qe4+ Kf8 (18... Kd8 $2 19. Qe5) 19.
Bxf6 Qxf6 20. Rxd7 Re8 21. Qd4 $14) 13... Bxf6 14. Nd6+ Kf8 15. Nxc8 Qxc8 16.
Qxc4 Kg7 17. Kb1 e5 18. Bd3 Be6 19. Qa4 Bf5 20. Qc2 Bxd3 21. Qxd3 Nb4 22. Qe4
Qe6 23. b3 Nd5 $17 {I.Farago-Cs.Horvath,Hungary(Ch) 1995.}) 13. Bxc4 O-O $1 (
13... Rc8 14. Kb1 a6 15. Bd3 $1 (15. Qc2 $2 Na5 16. Nxe5 fxe5 17. Nd6+ Bxd6 18.
Bxd8 Nxc4) 15... O-O (15... Na5 16. Qa3 Bxa3 17. Nxf6+ Kf8 18. Nxh7+ Kg7 19.
Bxd8 Rcxd8 20. bxa3 f6 $44 {with some compensation.}) 16. Qc2 $1 {We have
already seen that,just a repetition.}) 14. Kb1 Rc8 15. Rc1 Nb4 16. Nxf6+ $5 {
Here I have given a harsh decision to give the piece back for the better
ending.} (16. Qa3 $6 b5 17. Be2 Be6 $44) (16. Bb5 Bf5 17. Nfd2 a6 18. Be2 b5
19. Qa3 d3 20. Rxc8 Qxc8 21. Bd1 Be6 22. b3 Nd5 23. Qb2 Qc7 24. Bf3 $16) (16.
Qd1 $6 Bf5 17. Nfd2 b5 18. Bb3 Rxc1+ 19. Qxc1 a5 $44) 16... Bxf6 17. Bxf6 $1 {
I was spending enormous time on these two variations to calculate the things
clearly.} (17. Qxb4 $2 Bf5+ 18. Ka1 Bxh4 19. Nxe5 Bg5 $17) 17... Bxa4 18. Bxd8
Rfxd8 $8 (18... Bc2+ $2 19. Rxc2 Nxc2 20. Nxe5 Rfxd8 21. Bb3 {The point.} d3
22. Nxf7 Nd4 23. Nxd8+ Nxb3 24. axb3 Rxd8 25. Rd1 Kf7 26. Kc1 Rc8+ 27. Kd2 Rc2+
28. Ke3 Rxb2 29. Rxd3 $18) 19. Nxe5 Be8 $8 (19... Bc2+ $2 20. Rxc2 Nxc2 21. Bb3
d3 22. Nxf7) 20. Rhd1 $6 {After a series of forced moves, I started to play
very risky.} (20. a3 Nc6 21. Rhe1 Kg7 22. Bd3 $16) 20... Kg7 21. Nf3 $2 {
Going blind !} (21. a3 f6 22. Nd3 Ba4 23. Rd2 Nxd3 24. Bxd3 Rxc1+ 25. Kxc1 Rc8+
26. Kb1 $14) 21... Bc6 $1 $17 {White's mistake of not kicking the knight out
of b4 allows this of course.} 22. Nxd4 $4 {Continuing the same style.} (22. Nd2
$17) (22. b3 b5 23. Bf1 Bxf3 24. gxf3 Rxc1+ 25. Rxc1 Nd5 26. Bd3 Nc3+ $17)
22... Be4+ 23. Ka1 b5 24. a3 Nc2+ $1 {Somehow I have completely overlooked
that.} ({Funnily I was calculating} 24... Bc2 25. Rd2) 0-1

[Event "FIDE-Wch k.o."]
[Site "Moscow"]
[Date "2001.11.28"]
[Round "1.2"]
[White "Atalik, Suat"]
[Black "Xu, Jun"]
[Result "1/2-1/2"]
[WhiteElo "2527"]
[BlackElo "2654"]
[Annotator "Atalik,S"]
[PlyCount "103"]
[EventDate "2001.11.27"]
[EventType "k.o."]
[EventRounds "7"]
[EventCountry "RUS"]
[SourceTitle "CBM 086"]
[Source "ChessBase"]
[SourceDate "2002.02.05"]
[SourceVersion "1"]
[SourceVersionDate "2002.02.05"]
[SourceQuality "1"]

1. d4 Nf6 2. c4 e6 3. Nf3 d5 4. Nc3 dxc4 {The other Vienna Variation.} 5. e4
Bb4 6. Bg5 c5 7. e5 $5 {I have lost my belief in 7.Bc4 after many draws.} cxd4
{This is the sharpest old main line.} (7... h6 {is an important alternative.}
8. exf6 $1 (8. Bd2 Bxc3 9. bxc3 Ne4 10. Bxc4 Nc6 11. O-O Nxd2 $1 (11... cxd4
12. cxd4 Nxd4 13. Bxh6 (13. Bb4 Nc6) 13... Nxf3+ 14. Qxf3 Rxh6 (14... Qh4 $6
15. Bf4 Nd2 16. Bb5+ Kf8 17. Qa3+ Kg8 18. Bg3 $16) 15. Bb5+ Bd7 16. Bxd7+ Qxd7
17. Qxe4 $14) (11... O-O $6 12. Be1 $1 $40 {is known since Dreev-G.Giorgadze,
Tbilisi 1989.}) 12. Qxd2 O-O 13. Bd3 cxd4 14. cxd4 b6 15. Be4 Bb7 $11) 8...
hxg5 9. fxg7 Rg8 10. dxc5 (10. Qc2 {Yilmaz} cxd4 11. Qh7 Ke7 12. O-O-O d3 (
12... Nc6 13. Bxc4 Bxc3 14. bxc3 Bd7 15. Nxd4 Qa5 16. Kb2 $13) 13. Ne5 Bxc3 14.
bxc3 Qa5 15. Bxd3 Qxc3+ 16. Bc2 Qa1+ $11) 10... Qxd1+ ({White has compensation
after the following lines.} 10... Qf6 11. Bxc4 Bxc3+ 12. bxc3 Qxc3+ 13. Nd2) (
10... Qa5 11. Bxc4) 11. Rxd1 Rxg7 12. Bxc4 Nc6 (12... Bxc5 13. Ne4 Be7 14. Ne5
{looks attractive for white.}) 13. h4 gxh4 (13... g4 14. Nd2 Bxc5 15. Nde4 Bd4
16. h5 $40) 14. Rxh4 Rxg2 15. Bb5 Bxc3+ 16. bxc3 Ke7 17. Rh8 $40) 8. Qa4+ Nc6
9. O-O-O Bd7 (9... Qb6 10. exf6 dxc3 11. Rd8+ $3 Qxd8 12. fxg7 Qxg5+ 13. Nxg5
Rg8 14. Bxc4 $36) (9... h6 10. exf6 hxg5 11. fxg7 Rg8 12. Ne4 $1 Be7 (12... d3
$2 13. Ne5 Rb8 14. Bxd3 $1 cxd3 15. Rxd3 Qc7 16. Nf6+ $18) 13. h4 $1 gxh4 14.
Nxd4 Qc7 15. Nxc6 Qxc6 16. Qxc6+ bxc6 17. Nd6+ Bxd6 18. Rxd6 $14 {Beliavsky.})
(9... Bxc3 10. bxc3 h6 11. exf6 hxg5 12. fxg7 Rg8 13. Nxd4 Qa5 (13... Bd7 14.
Nb5 Qb6 15. Nd6+ Ke7 16. Qa3 (16. h4 Nd4 17. Qxc4 Qxd6 18. Rxd4 Qa3+ 19. Kb1
Rac8 20. Qd3 Be8 21. Rb4 $16) 16... Qa5 17. Nf5+ $1 Ke8 $1 {This position was
analysed to be equal by GM Miso Cebalo.} (17... Kf6 18. Qxa5 Nxa5 19. Nh6 Bc6
20. Nxg8+ Rxg8 21. h4 g4 22. h5 Rxg7 23. Rh4 Kg5 24. g3 f5 25. Rd8 $16) 18.
Qe7+ $1 Nxe7 19. Nd6+ Kd8 20. Nxb7+ Kc7 21. Nxa5 Rxg7 22. Bxc4 $14) 14. Qxc4
Bd7 15. Nb5 Rxg7 16. Qc5 O-O-O 17. Bc4 $36) 10. Ne4 Be7 (10... b5 $6 {is a
well known inaccuracy.} 11. Qxb5 Rb8 12. exf6 Rxb5 13. fxg7 Rg8 14. Bxd8 Kxd8
15. Nf6 (15. Bxc4 Rb7 (15... Rb6 16. Nxd4 Nxd4 17. Rxd4 $16)) 15... Rxg7 16.
Nxd4 Nxd4 17. Rxd4 Rb7 18. Bxc4 Ke7 $14) 11. exf6 gxf6 12. Bh4 Rc8 {The
theoretically supported move.} (12... Ne5 $2 13. Qa3 $3 O-O (13... Bxa3 14.
Nxf6+ Kf8 15. Nxe5 Qa5 16. Nfxd7+ Ke8 (16... Kg7 17. Bf6+ Kg8 18. Nxc4 Rc8 19.
Rxd4 $18) (16... Kg8 17. Nxc4 Rc8 18. Kb1 Qa4 19. Rxd4 $18) 17. Nxc4 Qc7 18.
Nf6+ Kf8 19. Bg3 Qe7 20. Be5 $18) 14. Qxe7 Qxe7 15. Nxe5 Ba4 16. Rxd4 $1 (16.
Nxf6+ Kh8 17. Rxd4 Qc5) 16... Qb4 (16... Qc7 17. Nxf6+ Kh8 18. Nxh7 $3 $18) 17.
Nxf6+ Kh8 18. Bxc4 Qc5 19. Re4 b5 20. Nfd7 $18) (12... b5 $6 {is again wrong.}
13. Qxb5 Ne5 (13... c3 14. Nxd4 Nb4 (14... Nxd4 15. Rxd4 Bxb5 16. Bxb5+ Kf8 17.
Rxd8+ Rxd8 18. Nxc3 $18) 15. Qxb4 Bxb4 16. Nxf6+ Kf8 17. Nxh7+ Rxh7 18. Bxd8
Rxd8 (18... Ba4 19. Nb3) 19. Nc6 $18) 14. Nxf6+ Bxf6 15. Bxf6 Bxb5 16. Bxd8
Nxf3 17. Bf6 $18) (12... Na5 $2 {However this is a serious move.} 13. Qc2 e5
14. Nxd4 exd4 15. Rxd4 Nc6 $8 (15... Qb6 16. Rd6) 16. Rd6 (16. Rxd7 Qxd7 17.
Nxf6+ Bxf6 18. Bxf6 Rg8 19. Bxc4 Rg6 20. Re1+ Kf8 21. Bc3 Rc8 $44 {provides
some compensation for white.}) 16... Bxd6 17. Nxf6+ Kf8 18. Qd2 $1 $18 (18.
Nxh7+ Rxh7 19. Bxd8 Rxd8 20. Qxh7 Bf4+ 21. Kb1 Bf5+ 22. Qxf5 Rd1+ 23. Kc2 Rc1#
{An old analysis by Book.}) 18... Be6 19. Qh6+ Ke7 20. Ne4+ Ke8 21. Bxd8 $18) (
12... Nb4 13. Qxb4 Bxb4 14. Nxf6+ Kf8 15. Rxd4 Be7 (15... Qa5 16. Nxd7+ Ke8 17.
Nf6+ Kf8 18. Bxc4 Rc8 19. Kb1 $16 {Fine-E.Gruenfeld,Amsterdam 1936.}) 16. Ne5
Bb5 17. Rxd8+ Rxd8 18. Be2 Kg7 19. Nh5+ Kf8 20. Bg3 $16) 13. Kb1 Na5 {Again
the most accurate move.} (13... b5 $2 14. Qxb5 c3 (14... Ne5 15. Nxf6+ Bxf6 16.
Qxe5 Bxe5 17. Bxd8 $18) 15. Nxd4 Qc7 (15... Nxd4 16. Rxd4 c2+ 17. Kc1 $18) (
15... a6 16. Qb3 $1 Na5 17. Qc2 cxb2 18. Qxb2 Rb8 19. Nb3 $16) (15... Nb4 16.
Qxb4 (16. Nxf6+ Bxf6 17. Bxf6 Qc7 18. Qxb4 $1 c2+ 19. Kc1 cxd1=Q+ 20. Kxd1 $18)
16... Bxb4 17. Nxf6+ Kf8 18. Nxh7+ Rxh7 19. Bxd8 Rxd8 20. Nc6 c2+ 21. Kxc2 Rc8
22. Rxd7 Rxc6+ 23. Kb3 $16) (15... Rb8 16. Nxc6 Rxb5 17. Bxb5 Qb6 18. Rxd7 Kxd7
19. Rd1+ Kc7 20. Bg3+ e5 21. Nxc3 $18)) (13... e5 14. Bxc4 a6 15. Bd3 O-O 16.
Qc2 $1 (16. Rhe1 $6 {Kalinitschew-Sobura,Berlin 1989.} Na5 17. Nxf6+ Bxf6 18.
Bxf6 Bxa4 19. Bxd8 Rfxd8 20. b3 Nxb3 21. axb3 Bxb3 22. Rd2 f6 23. Nh4 $13)
16... Nb4 17. Qd2 Nxd3 18. Qxd3 Bb5 (18... Bf5 19. Nxf6+ Bxf6 20. Qxf5 Bxh4 21.
Qg4+) 19. Qd2 f5 20. Bxe7 Qxe7 21. Ng3 f4 22. Nf5 Qf6 23. N3h4 Bd7 24. Qd3 Rfe8
25. Rhe1 $14) 14. Qc2 e5 15. Nxd4 {The natural follow up!} exd4 16. Rxd4 Qb6 {
After this move white is in crossroads.} (16... Nc6 $5 {Varga's move is
natural and could be tried.} 17. Rd1 $1 (17. Rxc4 $2 Be6 $17) (17. Rxd7 Qxd7
18. Bxc4 $44 (18. Nxf6+ $2 Bxf6 19. Bxf6 O-O 20. Bxc4 Nb4 $19)) (17. Rd6 $6 {
This usual move could be a mistake now.} Nb4 18. Qe2 (18. Qc3 Qa5 19. Nxf6+
Bxf6 20. Qxf6 Bf5+ (20... Qxa2+ 21. Kc1 Qa1+ 22. Kd2 c3+ 23. Ke2 Bg4+ 24. f3
Qxb2+ 25. Ke3 Qc1+ 26. Kf2 O-O 27. fxg4 Rfe8 28. Qg5+ Qxg5 29. Bxg5 $13) 21.
Kc1 Nxa2+ 22. Kd1 O-O (22... Qa4+ 23. Ke1 Qa5+ 24. Ke2 O-O 25. Qg5+ Kh8 26.
Qf6+ $11) 23. Qg5+ Kh8 24. Qf6+ $11) (18. Nxf6+ $4 Bxf6 19. Bxf6 Nxc2 20. Bxd8
Rxd8 $19) 18... Bxd6 19. Bxf6 $1 (19. Nxd6+ $2 Kf8 20. Qh5 (20. Qd2 Bf5+ $19)
20... Qe7 21. Bxc4 Rxc4 22. Qh6+ Kg8 23. Bxf6 Bf5+ $19) 19... Be7 20. Nd6+ Kf8
21. Qh5 Bf5+ $1 (21... Bxd6 $2 22. Bxd8 Rxd8 23. Bxc4 Be6 24. Re1 Ke7 $1 (24...
Nc6 $2 25. Qh6+ Ke8 26. Bxe6 fxe6 27. Qg7 Rf8 28. Qxb7 Nd4 29. Qxa7 $16) 25.
Qg4 Kd7 26. Bxe6+ fxe6 27. Rxe6 Nc6 28. Rh6+ Kc7 29. Qg7+ Ne7 30. Rxh7 Rhg8 31.
Qc3+ Kb8 32. g3 $14) 22. Qxf5 Bxf6 23. Qxc8 Qxc8 24. Nxc8 Kg7 25. Nxa7 Rd8 26.
Bxc4 Rd2 $19) (17. Nd6+ $6 Kf8 (17... Bxd6 18. Rxd6 Qe7 19. Qd2 Be6 20. Be2 $44
) 18. Rd1 Nb4 19. Qd2 Qa5 20. a3 Bf5+ 21. Nxf5 Qxf5+ 22. Ka1 Nc2+ 23. Ka2 c3
$17) 17... Qa5 (17... Nb4 18. Qc3 Qa5 19. a3 (19. Bxc4 $2 Be6 20. Bxe6 Rxc3 21.
Bd7+ Kf8 22. Nxc3 Qh5 $17) 19... Qf5 (19... Bf5 20. Re1 Qd5 $6 (20... Nc6 21.
Bxc4 Qxc3 22. bxc3 Rg8 23. Kb2) (20... Bxe4+ 21. Rxe4 Qf5 22. Qf3 Qxf3 23. gxf3
$14) 21. f3 Na6 22. Ka2 $16) 20. Qe1 (20. Re1 Nd5 (20... Bc6 21. f3) 21. Qd4
Be6 22. Bxc4 Nc3+ 23. Qxc3 Rxc4 $13) 20... Bc6 21. f3 c3 22. bxc3 Na6 23. Bd3
Bxe4 24. Qxe4 Qxe4 25. Bxe4 Rxc3 26. Rd3 Rxd3 27. Bxd3 Nc5 28. Bf5 Ne6 29. Re1
O-O 30. Kb2) 18. Bxc4 Ne5 19. Qe2 (19. Rd5 Qb6) 19... Bf5 (19... Rxc4 20. Nxf6+
Bxf6 $13 21. Bxf6 $16) 20. Bd5 Qb6 21. Ka1 O-O 22. f3 $14) 17. Rd6 $6 {The
most promising line in my opinion but before the game.} (17. Rd5 Be6 18. Nxf6+
Bxf6 19. Bxf6 Bxd5 20. Bxh8 Qe6 21. f3 f6 $1 22. Be2 (22. Qxh7 Qe1+ 23. Kc2 Nb3
$17) (22. Qc3 Qf5+ 23. Ka1 Nb3+ 24. axb3 Rc6 $17) 22... Kf8 23. Rd1 Rc5 $13) (
17. Rxd7 {is another tactical line.} Kxd7 18. Be2 Ke8 19. Bg4 Rd8 20. Qc3 $44)
(17. Nxf6+ $142 $1 Bxf6 18. Qe4+ Kf8 19. Bxf6 Qxf6 20. Rxd7 Re8 21. Qd4 Re1+
22. Kc2 Qxd4 23. Rxd4 Ke7 24. g3 Rd8 (24... Ra1 $2 25. Bg2 Rxa2 26. Re1+ Kf6
27. Bd5 $40) 25. Bg2 Re2+ (25... Rxh1 26. Re4+ Kf6 27. Bxh1 $14) 26. Kd1 Rxd4+
27. Kxe2 $14 {is somewhat better for white like in Kasparov-Ribli,Barcelona
1989.}) 17... Rc6 18. Bxf6 Rxd6 {The old trick.} 19. Bxh8 ({White should not
fall in the trick.} 19. Nxd6+ $2 Qxd6 20. Bxh8 Bf5 $1 $19) 19... Bf5 20. Be2
Re6 21. Bf3 {All according to thetheoretical recipe.} (21. Nd6+ Bxd6 22. Qxf5
Rxe2) 21... Kf8 $6 $146 {An improvement but not the best.} (21... Bg6 $1 {
is also interesting.} 22. Bc3 Nc6 $15) (21... Nc6 $6 22. Nd6+ Rxd6 23. Qxf5 Nd4
24. Bxd4 Rxd4 25. Qxh7 $1 {Better than what happened in the stem game.} (25.
Qc8+ $2 {Kalinitschev-Jangjava,Novosibirsk 1989.}) 25... c3 26. b3 $16 {
is favorable for white.} Qb4 (26... Qc5 27. Rc1 $1 $40 (27. Re1 $6 Rd2 28. Qg8+
Kd7 29. Bg4+ f5 30. Bh5 c2+ 31. Kc1 Qa3+ 32. Kxd2 Bb4+ 33. Kd3 Qa6+ 34. Qc4
Qxc4+ 35. bxc4 Bxe1 36. Kxc2 Bxf2 $11)) (26... Qg6+ $6 27. Qxg6 fxg6 28. Rc1
Bb4 29. a3 Bxa3 30. Rxc3 $16) 27. Rc1) 22. g4 Bg6 23. Bg2 f6 $2 {Very risky.} (
23... Qc6 24. Re1 Qc7 25. h3 $14) 24. f4 c3 {Straightforward but I was better
than Xu in calculation!} ({Going for the bishop does not work.} 24... Bxe4 25.
Bxe4 Kg8 26. Bxh7+ Kxh8 27. Qg6 Qd8 28. Qh5 Kg7 29. Bg6 Qh8 30. Qxa5 $18) (
24... f5 $2 25. Ng3) 25. f5 $1 Nc4 26. Qxc3 Na3+ (26... Rc6 27. fxg6 $1 {
does not make much difference.}) 27. Ka1 Rc6 28. fxg6 $1 $16 {This is the
winning move.} (28. Qb3 $2 {is a bad mistake.} Qc7 $1 29. bxa3 Bf7 30. Qd3 Rc2
$19) (28. Nxf6 $5 Nc2+ 29. Qxc2 Rxc2 30. Nd7+ Kg8 31. Nxb6 axb6 32. Be4 Re2 33.
Bf3 Rf2 34. Bd4 Rxf3 35. fxg6 hxg6 36. Bxb6 Bf6 $44) 28... Nc2+ $8 (28... Rxc3
29. g7+ Kg8 30. Nxf6+ Qxf6 31. Bd5+ Qf7 32. Bxf7+ Kxf7 33. bxc3 $18) (28...
hxg6 29. Qb3 Nc2+ 30. Kb1 Qxb3 31. axb3 Ne3 32. Bf3 Kg8 33. Re1 $18) 29. Qxc2
Rxc2 30. g7+ Kg8 $8 (30... Kf7 31. Ng5+ fxg5 32. Bd5+ Ke8 33. g8=Q+ Kd7 34. Rd1
$18) 31. Nxf6+ Qxf6 32. Bd5+ Qf7 33. Bxf7+ Kxf7 34. Rf1+ Kg8 35. Kb1 Rc8 $1 {
Only move,black has to defend his eight rank.} (35... Rc7 36. g5 $18) 36. Rc1
$4 {Unbelievable misconception anybody else would feel that the coming so
called bishops endgame may be a draw due to whites best piece Bh8.} (36. Rf5 h6
37. a3 a6 38. Rh5 Kh7 (38... Bg5 39. h4 Bf4 40. Rd5 $18) 39. h4 Kg6 40. Rf5 $18
) 36... Rxc1+ 37. Kxc1 $11 a5 38. a4 b6 39. Kc2 Bf6 40. b3 h6 $1 {This I have
calculated wrong.I have assumed that this would make white as well winning due
to whites king landing on g6 followed by h4,g5,but...} ({If black marks time
and does not touch to his h pawn he is doomed.} 40... Be7 41. Kd3 Bd8 42. Ke4
Be7 43. Kf5 Bd8 44. g5 Be7 45. h4 Bd8 46. h5 Be7 47. h6 Kf7 48. g8=Q+ Kxg8 49.
Bd4 $18) 41. Kd3 Bg5 42. Ke4 Bc1 43. Kf5 Bd2 44. Kg6 Be3 45. h4 Bd2 46. Kf5 {
Here I have awakened from my daydream since} (46. g5 hxg5 47. h5 g4 48. h6 Bxh6
$1 49. Kxh6 g3 $19 {even loses!}) 46... Be1 47. h5 ({Even} 47. g5 h5 $11) 47...
Bd2 48. Ke4 Bg5 49. Kd5 Bc1 50. Kc6 Be3 51. Kb5 Bf2 52. Kc6 1/2-1/2

[Event "Lasker Memorial"]
[Site "Berlin"]
[Date "2000.05.01"]
[Round "3"]
[White "Atalik, Suat"]
[Black "Richter, Michael"]
[Result "1/2-1/2"]
[WhiteElo "2575"]
[BlackElo "2402"]
[Annotator "Atalik,S"]
[PlyCount "73"]
[EventDate "2000.04.29"]
[EventType "tourn"]
[EventRounds "9"]
[EventCountry "GER"]
[EventCategory "9"]
[SourceTitle "EXT 2002"]
[Source "ChessBase"]
[SourceDate "2001.11.25"]
[SourceVersion "1"]
[SourceVersionDate "2001.11.25"]
[SourceQuality "1"]

1. d4 Nf6 2. c4 e6 3. Nf3 d5 4. Nc3 Bb4 5. Bg5 dxc4 6. e4 c5 7. Bxc4 cxd4 8.
Nxd4 Bxc3+ 9. bxc3 Qa5 10. Bb5+ Nbd7 11. Bxf6 Qxc3+ 12. Kf1 gxf6 13. h4 a6 14.
Rh3 Qa5 15. Be2 Nc5 16. Nb3 $6 (16. Qc2 $1 $13) 16... Nxb3 17. Qxb3 b6 18. Rb1
Bd7 19. Qb2 (19. Qxb6 Qxb6 (19... Qxa2 20. Rd3 Ba4 $1 $13 (20... Bb5 $2 21.
Rxb5 axb5 22. Qxb5+ Kf8 23. Qc5+ Ke8 24. Rd1 $18)) 20. Rxb6 Ke7 21. Rhb3 Rhc8
$11) 19... Ke7 (19... Qe5 $6 20. Qxe5 fxe5 21. Rxb6 $16) (19... Bb5 20. Qxf6
Bxe2+ 21. Kxe2 Rg8 22. Kf1 Qxa2 23. Rd1 (23. Rhb3 b5 24. Qc3 Rd8 25. Qc6+ Ke7
26. Qc5+ $11) 23... Qc4+ 24. Rhd3 Rc8 25. Kg1 $44) 20. Ra3 Qe5 (20... Qc5 $1
21. Rxa6 (21. Rc3 Qa5) (21. Rc1 Qe5) 21... Rxa6 22. Bxa6 Ra8 $11) 21. Qxe5 fxe5
22. Rxb6 Rhb8 23. Rxb8 (23. Rab3 Bb5 $1 (23... Rxb6 24. Rxb6 Bc8 $14 (24... a5
$6 25. Bb5)) 24. Rxb8 Rxb8 25. Ke1 (25. Bxb5 axb5 26. Rb4 Kd6) 25... Rb7 26. f3
Ra7 $11) 23... Rxb8 24. g4 Bc6 (24... Rb4 25. f3 f5 26. Re3) (24... Bb5 25.
Bxb5 axb5 26. g5 h6 (26... Rb7 27. Ra8) 27. Ra7+ Kd6 $11) 25. f3 Rb1+ 26. Kf2
Rb2 27. Ke3 Bb5 28. Bxb5 (28. Bd3 h6) 28... axb5 29. g5 $6 (29. Rb3 Rxa2 30.
Rxb5 Rh2 31. Rxe5 Rxh4 32. Rh5 Rxh5 33. gxh5 Kf6 34. Kf4 e5+ 35. Kg4 h6 $11)
29... Kf8 30. Ra8+ Kg7 31. h5 h6 32. f4 exf4+ 33. Kxf4 hxg5+ (33... Rf2+ 34.
Kg3 Re2 35. Kf3 Rh2 36. gxh6+ Kxh6 37. a4 bxa4 38. Rxa4 $11) 34. Kxg5 Rg2+ 35.
Kf4 Rf2+ 36. Kg3 Re2 37. Kf4 1/2-1/2

[Event "Imre Konig Memorial 1st"]
[Site "San Francisco"]
[Date "2002.09.08"]
[Round "4"]
[White "Browne, Walter Shawn"]
[Black "Atalik, Suat"]
[Result "1/2-1/2"]
[WhiteElo "2492"]
[BlackElo "2551"]
[Annotator "Atalik,S"]
[PlyCount "39"]
[EventDate "2002.09.04"]
[EventType "tourn"]
[EventRounds "9"]
[EventCountry "USA"]
[EventCategory "12"]
[SourceTitle "CBM 092"]
[Source "ChessBase"]
[SourceDate "2003.02.06"]
[SourceVersion "1"]
[SourceVersionDate "2003.02.06"]
[SourceQuality "1"]

1. d4 {Ribli} Nf6 2. c4 e6 3. Nf3 d5 4. Nc3 dxc4 5. e4 Bb4 6. Bg5 c5 7. Bxc4
cxd4 8. Nxd4 Qa5 9. Bd2 $1 {Simply the best. Ribli: 'Auf diese Weise
verteidigt Weiss den c3-Springer. '} O-O 10. Qe2 $1 {Again the best.} (10. Nc2
Bxc3 11. Bxc3 Qg5 12. Qe2 Qxg2 13. O-O-O Qxe4 14. Rhg1 g6 $1 15. Ne3 e5 16. f4
Be6 $1 17. Bd3 Qxf4 18. Rgf1 Qh4 $13 {Kasparov-Morozevich,Sarajevo 2000.})
10... e5 $5 $146 {[%mdl 4] A new approach to the position,very dynamic though
I am not sure if it is really that good to equalize.} (10... Rd8 {Ribli} 11.
Nb3 (11. Nf3 {Ribli} Nc6 12. a3 Bxc3 13. Bxc3 Qh5 14. O-O b6 15. Qe3 Bb7 16.
Qf4 Na5 17. Bxf6 gxf6 18. Ba2 Qg6 19. b4 Nc6 20. Rad1 Ne5 21. Nxe5 fxe5 22.
Qxe5 Bxe4 {1/2-1/2 Summerscale,A-Wells,P/Millfield 2000/CBM 77 ext (40)}) (11.
Nc2 {Ribli} Nc6 12. O-O Nxe4 $5 13. Nxe4 Bxd2 14. f4 $44 {1/2-1/2 Prakash,
G-Barsov,A/Dhaka 2001/CBM 82/[Ribli] (23)}) 11... Qc7 12. O-O Nc6 13. Rad1 Ne5
14. Bb5 Bd7 15. Bxd7 Bxc3 16. Bxc3 Rxd7 17. Rc1 {1-0 Akopian,V-Piket,J/
Dortmund 2000/CBM 78/[Ftacnik] (25)}) (10... Nbd7 {Ribli} 11. O-O Ne5 12. Bb3
Qa6 13. Ndb5 Bd7 14. a4 Qb6 15. Bf4 a6 16. Bxe5 axb5 17. Nxb5 Bxb5 18. axb5 Nd7
19. Bc3 Bxc3 20. bxc3 Qc5 21. Qc4 Qxc4 22. Bxc4 Rac8 23. Rfd1 Nc5 24. Bd3 Nb3
25. Ra3 Nc5 {1-0 Almasi,I-Turner,J/Pardubice 2000/EXT 2001 (62)}) 11. Nc2 $1 {
Again the best!} (11. Nb3 $5 {Ribli} Qc7 12. O-O Bg4 13. f3 Bd7 14. Rac1 Nc6
15. Bg5 $14) 11... Nc6 {'=' Ribli. The best under the circumstances.} 12. O-O-O
$5 {Walter pours as usual some gas into the fire but technically it may not be
the best.  Ribli: 'Dieser Zug ist gar nicht typisch für diese Variante.'} (12.
Nxb4 $1 Nd4 (12... Qxb4 {Ribli} 13. Nd5 Qd6 $11) 13. Qd3 Qxb4 14. Nd5 (14. Nb5
{Ribli} Qxb2 (14... Qe7 $11 {Ribli}) 15. Bc3 Qc2 (15... Nc2+ $2 {Ribli} 16. Kd2
$18) 16. Bxd4 Qxd3 17. Bxd3 exd4 $15) 14... Nxd5 (14... Qd6 {Ribli} 15. Bb4 $18
) (14... Qxb2 {Ribli} 15. Nxf6+ gxf6 16. O-O $16) 15. Bxb4 Nxb4 16. Qd1 Nbc2+
17. Kf1 Nxa1 18. Qxa1 Bd7) (12. a3 {Ribli} Nd4 (12... Bxc3 {Ribli} 13. Bxc3 Qc7
14. O-O $14 {[%cal Gc2e3,Ge3d5]}) 13. Qd3 (13. Nxd4 $6 {Ribli} exd4 $15) 13...
Nxc2+ 14. Qxc2 Qc7 15. Bd3 Be7 $11) 12... Nd4 $1 {The only idea to keep black
in the game.  Ribli: 'Schwarz hat aktives Spiel am Damenfluegel.'} (12... Bg4 {
Ribli} 13. f3 Nd4 14. Nxd4 exd4 15. Nd5 Nxd5 16. Bxd5 Be6) 13. Nxd4 (13. Qd3 $6
{Ribli} Nxc2 14. Qxc2 Bg4 15. f3 Rac8 $36) 13... exd4 14. Nd5 Nxd5 $8 {Black
has to be careful with the move order.} (14... Bxd2+ $2 15. Qxd2 Qxd2+ 16. Rxd2
Nxe4 17. Rxd4 $16) 15. Bxd5 Be6 $8 (15... Bxd2+ 16. Qxd2) 16. Bxb4 Qxb4 17. Qd2
$1 {Not in Walter's style but very logical under the circumstances.  Ribli:
'Mit diesem guten Verteidigungszug kann Weiss das Remis erreichen.'} (17. Bxe6
{looks risky.} fxe6 18. Kb1 Rac8 (18... e5 19. Rc1 d3 20. Qxd3 Rad8 21. Qe3 Rd2
22. Rc2 Rfxf2 23. Qxf2 Rxf2 24. Rxf2 Qxe4+ 25. Ka1 $11) (18... e5 $15 {Ribli})
19. Rc1 Rc3 20. Ka1 (20. Qg4 $2 Rxf2) 20... Rc5 $1 $36) 17... Qc5+ (17... Qxd2+
$2 {Ribli} 18. Rxd2 $16) 18. Kb1 Bxd5 19. exd5 Qxd5 20. Qxd4 {Draw agreed
after Walter's proposal.} (20. Qxd4 Qf5+ (20... Qxd4 21. Rxd4 f6 22. Rd7 Rf7
23. Rhd1 Re8 $11) 21. Ka1 Rac8 $11 (21... Qa5 22. Qd5 b5)) 1/2-1/2